000 00615nam a22002177a 4500
003 UA-OsUOA
001 72036
007 ta
008 20101217b un ||||| |||| 00| 0 ukr d
100 _aБобиль В.
090 _a330(477)
_bБ72
942 _cSA
040 _aUA-OsUOA
_bukr
_cUA-OsUOA
_dUA-OsUOA
245 _aСтрес-тестування кредитних установ у сучасних умовах: теоретичний аспект
300 _aС.46-53
955 _a0
041 _aukr
080 _a330(477)
773 0 _w72031
650 7 _a330 Економіка взагалі
_2UDC
999 _c358307
_d358307